<?xml version="1.0" encoding="UTF-8"?>
<collection xmlns="http://www.loc.gov/MARC21/slim">
 <record>
  <leader>00652pamaa2200205   4500</leader>
  <controlfield tag="001">0000034279</controlfield>
  <controlfield tag="005">20060628090000.0</controlfield>
  <datafield tag="020" ind1="0" ind2="0">
   <subfield code="a">0827379935 </subfield>
  </datafield>
  <datafield tag="082" ind1=" " ind2=" ">
   <subfield code="a">620.0042 GES 1997</subfield>
  </datafield>
  <datafield tag="090" ind1="0" ind2="0">
   <subfield code="a">T385 </subfield>
   <subfield code="b">GES 1997</subfield>
  </datafield>
  <datafield tag="100" ind1="1" ind2="0">
   <subfield code="a">GESNER </subfield>
  </datafield>
  <datafield tag="245" ind1="1" ind2="0">
   <subfield code="a">Maximizing AutoCad release 13  </subfield>
   <subfield code="c">Rusty Gesner, Mark Middlebrook, Tony Tanzillo.</subfield>
  </datafield>
  <datafield tag="260" ind1="0" ind2="0">
   <subfield code="a">Albany: </subfield>
   <subfield code="b">Autodesk Press, </subfield>
   <subfield code="c">1997.</subfield>
  </datafield>
  <datafield tag="300" ind1=" " ind2=" ">
   <subfield code="a">xxxiv, 924p.: </subfield>
   <subfield code="b">ill.; </subfield>
   <subfield code="c">23cm.</subfield>
  </datafield>
  <datafield tag="440" ind1="0" ind2="0">
   <subfield code="a">Changing The Way The World learns</subfield>
  </datafield>
  <datafield tag="500" ind1="0" ind2="0">
   <subfield code="a">Include 1 CD-ROM titled &quot; Maximizing AutoCad R13 &quot;</subfield>
  </datafield>
  <datafield tag="650" ind1="0" ind2="0">
   <subfield code="a">Computer graphics </subfield>
  </datafield>
  <datafield tag="650" ind1="0" ind2="0">
   <subfield code="a">AutoCAD (Computer file) </subfield>
  </datafield>
  <datafield tag="700" ind1="1" ind2="1">
   <subfield code="a">Middlebrook, </subfield>
   <subfield code="h">Mark </subfield>
  </datafield>
  <datafield tag="700" ind1="1" ind2="1">
   <subfield code="a">Tanzillo, </subfield>
   <subfield code="h">Tony </subfield>
  </datafield>
 </record>
</collection>
